Les zones de The Legend of Zelda: Ocarina of Time - Statistiques

Statistiques générales
  • Ce quiz a été pris 628 fois
  • Le résultat moyen est 17 sur 33
Statistiques - réponses
Lieux % Correct
Forêt Kokiri
85%
Château d'Hyrule
84%
Temple de l'Eau
81%
Village Cocorico
81%
Arbre Mojo
80%
Temple du Feu
80%
Plaine d'Hyrule
79%
Temple de la Forêt
77%
Bois Perdus
73%
Ranch Lon-Lon
73%
Lac Hylia
72%
Temple de l'Ombre
72%
Temple du Temps
70%
Temple de l'Esprit
65%
Domaine Zora
63%
Caverne Dodongo
62%
Ventre de Jabu-Jabu
58%
Vallée Gerudo
48%
Puit
46%
Château de Ganon
43%
Mont du Péril
39%
Forteresse Gerudo
38%
Rivière Zora
29%
Cimetière Cocorico
27%
Fontaine Zora
20%
Colosse du Désert
19%
Cratère du Péril
19%
Fontaine des fées
19%
Désert Hanté
18%
Caverne Polaire
17%
Chemin du péril
17%
Cascade Insomniaque
3%
Fontaine de Grande Fée
3%
Aucun quiz correspondant
Distribution des résultats
% des personnes avec chaque résultat
Percentile par nombre de réponses
Votre historique - résultats
Vous n’avez pas pris ce quiz